000 00604nam a2200217 a 4500
005 20210219153537.0
008 991125n 000 0 spa u
035 _aUPN01000105649
110 1 _aUNIVERSIDAD PEDAGOGICA NACIONAL (MEXICO) SISTEMA DE EDUCACION A DISTANCIA
222 0 _aBOLETIN UPN UNIDAD AJUSCO
245 0 0 _a¿Qué es el SEAD?
260 _aMéxico
300 _a4-5
362 0 _a1979 Vol. 1, no. 4, ago.
653 0 _aEDUCACION A DISTANCIA
653 0 _aEDUCACION SUPERIOR
653 0 _aFORMACION DE MAESTROS
653 0 _aSEAD
904 _aAC
_b043460
905 _aArticulo
999 _c79585
_d79585